| 000 | 00447pab a2200169 454500 | ||
|---|---|---|---|
| 008 | 180718b2002 xxu||||| |||| 00| 0 eng d | ||
| 100 | _aHill, Jennifer | ||
| 245 | _aDifferential effects of high-quality child care | ||
| 260 | _c2002 | ||
| 300 | _ap.601-27. | ||
| 362 | _aFall | ||
| 650 | _aChild welfare | ||
| 700 | _aBrooks-Gunn, Jeanne | ||
| 700 | _aWaldfogel Jane | ||
| 773 | _aJournal of Policy Analysis and Management | ||
| 909 | _a54224 | ||
| 999 |
_c54224 _d54224 |
||